Statistiken für Länder mit den meisten HIV

Klicken Sie hier um das Quiz zu spielen!

Allgemein

  • Dieses Quiz wurde 168 mal gespielt
  • Das Durchschnittsergebnis liegt bei 13 aus 20

Antwortstatistiken

#Länder% Korrekt
3.20 mNigeria
86%
1.20 mVereinigte Staaten
86%
0.370 mDR Kongo
82%
7.10 mSüdafrika
82%
0.780 mChina
81%
2.10 mIndien
77%
1.60 mKenia
75%
0.830 mBrasilien
73%
0.980 mRussland
73%
1.40 mTansania
70%
0.710 mÄthiopien
67%
1.80 mMosambik
65%
1.30 mSimbabwe
60%
1.40 mUganda
59%
1.20 mSambia
57%
0.620 mIndonesien
54%
0.560 mKamerun
53%
0.460 mElfenbeinküste
50%
1.00 mMalawi
49%
0.450 mThailand
48%

Verteilung der Resultate

Perzentil nach korrekt beantworteten Fragen

Anzahl Personen mit jedem Resultat

Ihre Resultats-Entwicklung

Sie haben dieses Quiz noch nicht gespielt